Movies Quiz

Random Movies or Disney Quiz
Score 0/30 Timer 07:00
5 Plays Today
Hint Answer % Correct
Rey
97.3%
BB-8
94.3%
Yoda
94.1%
Kylo Ren
93.9%
Han Solo
93.8%
Luke Skywalker
93.6%
R2-D2
93.1%
Leia Organa
92.9%
C-3PO
92.7%
Chewbacca
92.4%
Finn
92.1%
Emperor Palpatine
87%
Lando Calrissian
86.9%
Poe Dameron
86.6%
Snoke
84%
Hint Answer % Correct
Rose Tico
69.6%
Captain Phasma
68.9%
General Armitage Hux
63.7%
Maz Kanata
59.5%
Porg
56.8%
Vice Admiral Holdo
39.6%
D-O
36.8%
Babu Frik
33.3%
Nien Nunb
29%
DJ
26.1%
Zorii Bliss
25.3%
General Pryde
23.8%
Jannah
21%
Unkar Plutt
19.4%
BB-9E
12.7%

You're not logged in!

Compare scores with friends on all Sporcle quizzes.
OR
Log In

Sporcle TV

Today on Sporcle TV


Watch our educational content, quiz creation guides, and fun videos on Sporcle TV.

Show Comments

Extras

Top Quizzes Today


Score Distribution

Paid Content

Your Account Isn't Verified!

In order to create a playlist on Sporcle, you need to verify the email address you used during registration. Go to your Sporcle Settings to finish the process.

Report this User

Report this user for behavior that violates our Community Guidelines.

Details: